000 01465nam a2200373 a 4500
001 ebr10681076
003 CaPaEBR
006 m u
007 cr cn|||||||||
008 100706s2010 nyua sb 001 0 eng d
010 _z 2010025948
020 _z9781617289057 (softcover)
020 _z1617289051 (softcover)
020 _z9781617610691 (e-book)
040 _aCaPaEBR
_cCaPaEBR
035 _a(OCoLC)694361475
050 1 4 _aQD181.E8
_bY68 2010eb
082 0 4 _a621.3815/2
_222
100 1 _aYou, Han.
245 1 0 _aOrganic europium complexes and their applications in optoelectronic devices
_h[electronic resource] /
_cHan You and Dongge Ma.
260 _aNew York :
_bNova Science Publishers,
_cc2010.
300 _a66 p. :
_bill.
490 1 _aChemistry research and applications
504 _aIncludes bibliographical references and index.
533 _aElectronic reproduction.
_bPalo Alto, Calif. :
_cebrary,
_d2013.
_nAvailable via World Wide Web.
_nAccess may be limited to ebrary affiliated libraries.
650 0 _aEuropium
_xOptical properties.
650 0 _aEuropium
_xIndustrial applications.
650 0 _aOptoelectronic devices.
655 7 _aElectronic books.
_2local
700 1 _aMa, Dongge.
710 2 _aebrary, Inc.
830 0 _aChemistry research and applications series.
856 4 0 _uhttp://site.ebrary.com/lib/rucke/Doc?id=10681076
_zAn electronic book accessible through the World Wide Web; click to view
999 _c157163
_d157163